[Event "Attica-ch U14 Girls"]
[Site "Athens"]
[Date "2008.01.05"]
[Round "4"]
[White "Aggelopoulou, Polyxeni"]
[Black "Sotiriadou, Ioanna"]
[Result "0-1"]
[WhiteElo "1205"]
[BlackElo "1355"]
[PlyCount "38"]
[EventDate "2008.01.02"]
[EventType "swiss"]
[EventRounds "7"]
[EventCountry "GRE"]
[SourceTitle "EXT 2011"]
[Source "ChessBase"]
[SourceDate "2010.11.26"]
[SourceVersion "1"]
[SourceVersionDate "2010.11.26"]
[SourceQuality "1"]

1. e4 e5 2. Nf3 Nc6 3. Nc3 Nf6 4. Bc4 Nxe4 5. Nxe4 d5 6. Bxd5 Qxd5 7. Nc3 Qd8 8. 0-0 Bg4 9. d3 Nd4 10. Kh1 Qf6 11. Bg5 Qf5 12. h3 Bxf3 13. gxf3 Qxh3+ 14. Kg1 Nxf3+ 15. Qxf3 Qxf3 16. Be3 0-0-0 17. Rad1 Rd6 18. Kh2 Qh5+ 19. Kg2 Rg6+ 0-1